| 000 | 00749nam a2200265 a 4500 | ||
|---|---|---|---|
| 001 | BRCA_8306 | ||
| 005 | 20190320210224.0 | ||
| 008 | 230614s1957----nyuad##f##---#001-0#eng-# | ||
| 041 | _aeng | ||
| 044 | _anyu | ||
| 050 | 4 |
_aE748 _b.B37 1957 |
|
| 100 | 1 |
_aBaruch, Bernard Mannes _919336 |
|
| 245 | 1 | 0 |
_aBaruch _bmy own story _cBernard Mannes Baruch. |
| 260 |
_aNueva York _bHenry Hold & Co. _c1957 |
||
| 300 |
_a337 p. _bil. _c22 cm. |
||
| 500 | _aVer también X88 (v.2) | ||
| 500 | _aS132 | ||
| 505 | 0 | _aContenido: v.1 My own story. -- v.2 The public years | |
| 600 | 1 | 4 |
_aBaruch, Bernard Mannes _d1870-1965 _919337 |
| 650 | 1 | 4 |
_aMemorias _919338 |
| 650 | 1 | 4 |
_aFinanzas _915684 |
| 650 | 1 | 4 |
_aEconomía _914865 |
| 902 | _aGFM | ||
| 942 |
_2lcc _cB |
||
| 999 |
_c7974 _d7974 |
||